[Event "Malakoff op 9th"]
[Site "Malakoff"]
[Date "2010.04.20"]
[Round "5"]
[White "Shirazi, Kamran"]
[Black "Nguyen, Christophe"]
[Result "1-0"]
[WhiteElo "2457"]
[BlackElo "1782"]
[PlyCount "128"]
[EventDate "2010.04.17"]
[EventType "swiss"]
[EventRounds "9"]
[EventCountry "FRA"]
[SourceTitle "CBM 136 Extra"]
[Source "ChessBase"]
[SourceDate "2010.07.02"]
[SourceVersion "2"]
[SourceVersionDate "2010.07.15"]
[SourceQuality "1"]

1. d4 e6 2. c4 Nf6 3. Nc3 Bb4 4. e3 b6 5. Nge2 Ba6 6. Qa4 c5 7. a3 Bxc3+ 8. Nxc3 0-0 9. dxc5 bxc5 10. e4 Qb6 11. Qd1 Nc6 12. Rb1 Rab8 13. Bg5 Qb3 14. Bxf6 gxf6 15. Qg4+ Kh8 16. Qh4 Rg8 17. Qxf6+ Rg7 18. Be2 Bxc4 19. 0-0 Kg8 20. Bxc4 Qxc4 21. Rfd1 Nd4 22. Kh1 Qa6 23. b4 Rg6 24. Qf4 d6 25. bxc5 Rxb1 26. Rxb1 e5 27. Qe3 dxc5 28. Nd5 Kg7 29. Ne7 Rb6 30. Rc1 f6 31. Nf5+ Nxf5 32. exf5 c4 33. h4 Rd6 34. h5 Qa4 35. h6+ Kf7 36. Qf3 c3 37. Qxc3 Rd1+ 38. Rxd1 Qxd1+ 39. Kh2 Qh5+ 40. Qh3 Qd1 41. Qe3 Qh5+ 42. Kg3 Qxf5 43. Qxa7+ Ke6 44. Qb6+ Kd7 45. Qb7+ Kd8 46. Qd5+ Kc7 47. Qc4+ Kd6 48. Qh4 Kc7 49. Qg4 Qd3+ 50. Kh2 Kd6 51. Qb4+ Ke6 52. Qb6+ Ke7 53. Qe3 Qc2 54. g3 Qa2 55. Qa7+ Ke6 56. a4 Qe2 57. a5 e4 58. Qe3 Qh5+ 59. Kg1 Qd1+ 60. Kg2 Qd5 61. a6 Kf5 62. a7 Kg6 63. g4 Qc6 64. Qf4 Kf7 1-0

[Event "FRA-chT Top 16 Gp Haute"]
[Site "Le Port Marly"]
[Date "2009.05.29"]
[Round "9"]
[White "Nguyen, Christophe"]
[Black "Libiszewski, Fabien"]
[Result "0-1"]
[WhiteElo "1782"]
[BlackElo "2505"]
[PlyCount "84"]
[EventDate "2009.05.28"]
[EventType "team"]
[EventRounds "11"]
[EventCountry "FRA"]
[SourceTitle "CBM 130 Extra"]
[Source "ChessBase"]
[SourceDate "2009.07.02"]
[SourceVersion "2"]
[SourceVersionDate "2009.07.15"]
[SourceQuality "1"]

1. d4 e6 2. c4 c5 3. d5 exd5 4. cxd5 d6 5. Nc3 g6 6. e4 Bg7 7. h3 Nf6 8. Nf3 a6 9. a4 Nbd7 10. Bg5 0-0 11. Be2 Qe7 12. Qc2 Ne5 13. Nxe5 Qxe5 14. f4 Qd4 15. Rd1 Qb4 16. 0-0 h6 17. Bxf6 Bxf6 18. e5 Bf5 19. Bd3 Bxd3 20. Qxd3 Bg7 21. Ne4 c4 22. Qf3 Qxb2 23. Nxd6 c3 24. Rb1 Qd2 25. Rbd1 Qb2 26. Qd3 Rad8 27. Nc4 Qb4 28. Ne3 Qc5 29. Qd4 Rc8 30. Qe4 b5 31. axb5 axb5 32. Rb1 Ra8 33. Kh2 Ra4 34. Qd3 Rb8 35. Nc2 b4 36. Qd4 Qxd4 37. Nxd4 g5 38. Nc6 Rb6 39. Rb3 gxf4 40. Rfb1 Rxc6 41. dxc6 Bxe5 42. Kg1 c2 0-1

[Event "Quebec-ch Intercoll"]
[Site "Joliette"]
[Date "1993.04.10"]
[Round "3"]
[White "Ethier, Patrick"]
[Black "Nguyen, Christophe"]
[Result "1-0"]
[WhiteElo "1427"]
[BlackElo "1812"]
[PlyCount "49"]
[EventDate "1993.04.09"]
[EventType "swiss"]
[EventRounds "6"]
[EventCountry "CAN"]
[SourceTitle "EXT 2022"]
[Source "ChessBase"]
[SourceDate "2021.10.06"]
[SourceVersion "1"]
[SourceVersionDate "2021.10.06"]
[SourceQuality "1"]

1. e4 c5 2. Nc3 Nc6 3. f4 e6 4. Nf3 d6 5. g3 g6 6. Bg2 Bg7 7. 0-0 Nge7 8. d3 0-0 9. Be3 Nd4 10. e5 Nxf3+ 11. Qxf3 dxe5 12. fxe5 Qc7 13. Ne4 Bxe5 14. Bxc5 f5 15. d4 Bg7 16. Nd6 Bxd4+ 17. Bxd4 Qxd6 18. Rad1 e5 19. Be3 Qa6 20. Bh6 Re8 21. Kh1 Be6 22. Qe3 Nc6 23. Qg5 Kf7 24. Rd6 Qxa2 25. Rxf5+ 1-0

[Event "Quebec-ch Intercoll"]
[Site "Joliette"]
[Date "1993.04.10"]
[Round "4"]
[White "Nguyen, Christophe"]
[Black "Charest, Johanne"]
[Result "0-1"]
[WhiteElo "1812"]
[BlackElo "1744"]
[PlyCount "24"]
[EventDate "1993.04.09"]
[EventType "swiss"]
[EventRounds "6"]
[EventCountry "CAN"]
[SourceTitle "EXT 2022"]
[Source "ChessBase"]
[SourceDate "2021.10.06"]
[SourceVersion "1"]
[SourceVersionDate "2021.10.06"]
[SourceQuality "1"]

1. d4 d5 2. Nc3 Nf6 3. Bg5 e6 4. e4 dxe4 5. Nxe4 Be7 6. Bxf6 Bxf6 7. Nxf6+ Qxf6 8. Nf3 0-0 9. Bd3 Nc6 10. Qd2 Rd8 11. 0-0-0 Bd7 12. g4 Qxf3 0-1

[Event "Quebec-ch U20"]
[Site "Montreal"]
[Date "1993.02.26"]
[Round "2"]
[White "Nguyen, Christophe"]
[Black "Castillo, Anthony"]
[Result "0-1"]
[WhiteElo "1823"]
[BlackElo "1898"]
[PlyCount "40"]
[EventDate "1993.02.25"]
[EventType "tourn"]
[EventRounds "7"]
[EventCountry "CAN"]
[SourceTitle "EXT 2022"]
[Source "ChessBase"]
[SourceDate "2021.10.06"]
[SourceVersion "1"]
[SourceVersionDate "2021.10.06"]
[SourceQuality "1"]

1. d4 d5 2. Nc3 Nf6 3. Bg5 e6 4. e4 dxe4 5. Nxe4 Be7 6. Bxf6 Bxf6 7. Nf3 b6 8. Bd3 Bb7 9. 0-0 0-0 10. Ne5 Nc6 11. Nxc6 Bxc6 12. c3 e5 13. dxe5 Bxe5 14. f4 Bf6 15. Qf3 Re8 16. Rad1 Qe7 17. Rfe1 Bh4 18. g3 f5 19. Bc4+ Kh8 20. gxh4 fxe4 0-1

[Event "Quebec-ch Intercoll"]
[Site "Montreal"]
[Date "1992.04.18"]
[Round "4"]
[White "Nguyen, Christophe"]
[Black "St Pierre, Benoit"]
[Result "0-1"]
[WhiteElo "1805"]
[BlackElo "2094"]
[PlyCount "48"]
[EventDate "1992.04.17"]
[EventType "swiss"]
[EventRounds "6"]
[EventCountry "CAN"]
[SourceTitle "EXT 2022"]
[Source "ChessBase"]
[SourceDate "2021.10.06"]
[SourceVersion "1"]
[SourceVersionDate "2021.10.06"]
[SourceQuality "1"]

1. d4 e6 2. c4 Nf6 3. g3 Bb4+ 4. Nc3 c5 5. dxc5 Ne4 6. Bd2 Nxc3 7. Bxc3 Bxc3+ 8. bxc3 0-0 9. Nf3 Na6 10. Bg2 Nxc5 11. Qd6 Qa5 12. Rc1 Na6 13. 0-0 Rb8 14. Rfd1 b6 15. Ne5 Qc5 16. Nxd7 Bxd7 17. Qxd7 Qxc4 18. Qxa7 Nc5 19. Bf3 e5 20. Qc7 e4 21. Rd4 Qxa2 22. Bxe4 Qb2 23. Rb1 Qxe2 24. Rxb6 Ne6 0-1

[Event "Quebec-ch Intercoll"]
[Site "Montreal"]
[Date "1991.03.30"]
[Round "4"]
[White "Nguyen, Christophe"]
[Black "Gravel, Simon M"]
[Result "1-0"]
[WhiteElo "1711"]
[BlackElo "2193"]
[PlyCount "31"]
[EventDate "1991.03.29"]
[EventType "swiss"]
[EventRounds "6"]
[EventCountry "CAN"]
[SourceTitle "EXT 2022"]
[Source "ChessBase"]
[SourceDate "2021.10.06"]
[SourceVersion "1"]
[SourceVersionDate "2021.10.06"]
[SourceQuality "1"]

1. e4 e5 2. Nf3 Nc6 3. Bb5 Nf6 4. 0-0 Nxe4 5. d4 Nd6 6. Bxc6 bxc6 7. dxe5 Nb7 8. Nc3 Be7 9. Nd4 Nc5 10. f4 f6 11. exf6 gxf6 12. Qh5+ Kf8 13. f5 Bd6 14. Bh6+ Ke7 15. Rae1+ Be5 16. Rxe5+ 1-0

[Event "Quebec-ch U16"]
[Site "Montreal"]
[Date "1990.03.03"]
[Round "5"]
[White "Charest, Johanne"]
[Black "Nguyen, Christophe"]
[Result "0-1"]
[WhiteElo "1531"]
[BlackElo "1567"]
[PlyCount "64"]
[EventDate "1990.03.01"]
[EventType "tourn"]
[EventRounds "7"]
[EventCountry "CAN"]
[SourceTitle "EXT 2022"]
[Source "ChessBase"]
[SourceDate "2021.10.06"]
[SourceVersion "1"]
[SourceVersionDate "2021.10.06"]
[SourceQuality "1"]

1. e4 c5 2. Nf3 Nc6 3. d4 cxd4 4. Nxd4 Nf6 5. Nc3 e6 6. a3 d6 7. Be2 Be7 8. Be3 a6 9. Qd2 Qc7 10. f4 Rb8 11. 0-0 0-0 12. Nf3 b5 13. Kh1 b4 14. axb4 Rxb4 15. Bxa6 Bxa6 16. Rxa6 Nxe4 17. Nxe4 Rxe4 18. Qc3 Rc8 19. Nd2 Rb4 20. Rxc6 Qxc6 21. Qxb4 Qxc2 22. h3 Qd3 23. Qb7 Re8 24. Qb6 Bf6 25. Rc1 d5 26. Qc6 Rf8 27. Qb6 d4 28. Bxd4 Bxd4 29. Qb4 Be3 30. Rc3 Qxd2 31. Qe4 Qe1+ 32. Kh2 Bg1+ 0-1

[Event "Quebec-ch U16"]
[Site "Montreal"]
[Date "1990.03.02"]
[Round "3"]
[White "Moisan Plante, Marc Olivier"]
[Black "Nguyen, Christophe"]
[Result "1/2-1/2"]
[WhiteElo "1540"]
[BlackElo "1567"]
[PlyCount "43"]
[EventDate "1990.03.01"]
[EventType "tourn"]
[EventRounds "7"]
[EventCountry "CAN"]
[SourceTitle "EXT 2022"]
[Source "ChessBase"]
[SourceDate "2021.10.06"]
[SourceVersion "1"]
[SourceVersionDate "2021.10.06"]
[SourceQuality "1"]

1. e4 c5 2. Nf3 Nc6 3. d4 cxd4 4. Nxd4 Nf6 5. Nc3 e6 6. Ndb5 Bb4 7. Bf4 Nxe4 8. Nc7+ Kf8 9. Qf3 d5 10. 0-0-0 Bxc3 11. bxc3 e5 12. Nxd5 Ng5 13. Bxg5 Qxg5+ 14. Qe3 Qxe3+ 15. Nxe3 Be6 16. Bc4 Bxc4 17. Nxc4 Ke7 18. Rhe1 Rhd8 19. Rxd8 Rxd8 20. Nxe5 Nxe5 21. Rxe5+ Kf6 22. Rb5 1/2-1/2

[Event "Quebec-ch U16"]
[Site "Montreal"]
[Date "1990.03.02"]
[Round "2"]
[White "Nguyen, Christophe"]
[Black "Castillo, Anthony"]
[Result "1/2-1/2"]
[WhiteElo "1567"]
[BlackElo "1534"]
[PlyCount "146"]
[EventDate "1990.03.01"]
[EventType "tourn"]
[EventRounds "7"]
[EventCountry "CAN"]
[SourceTitle "EXT 2022"]
[Source "ChessBase"]
[SourceDate "2021.10.06"]
[SourceVersion "1"]
[SourceVersionDate "2021.10.06"]
[SourceQuality "1"]

1. d4 d5 2. Bg5 Nf6 3. Bxf6 exf6 4. e3 Be6 5. Bd3 Bd6 6. Ne2 c6 7. Nd2 Qc7 8. Ng3 Nd7 9. c3 0-0-0 10. c4 dxc4 11. Nxc4 Bb4+ 12. Nd2 Ne5 13. Qe2 Nxd3+ 14. Qxd3 Qa5 15. a3 Bd5 16. f3 Rhe8 17. Rc1 Bxd2+ 18. Qxd2 Rxe3+ 19. Ne2 Qxd2+ 20. Kxd2 Rde8 21. Nf4 Kd7 22. Rc3 R3e7 23. Rhc1 Kd6 24. Rg1 g5 25. Nh5 Re2+ 26. Kc1 Re1+ 27. Rxe1 Rxe1+ 28. Kd2 Rg1 29. g3 Rg2+ 30. Kc1 Ke7 31. Re3+ Be6 32. h4 Rh2 33. f4 gxf4 34. Nxf4 Rh1+ 35. Kd2 Kd6 36. b4 Rh2+ 37. Re2 Rxe2+ 38. Kxe2 b6 39. Kd2 c5 40. dxc5+ bxc5 41. bxc5+ Kxc5 42. Nh5 Kc4 43. Kc2 Bf5+ 44. Kb2 Kd4 45. Nxf6 a6 46. g4 Ke5 47. g5 Kf4 48. Nd5+ Kg3 49. h5 Kh4 50. g6 fxg6 51. hxg6 hxg6 52. Ne7 Kg4 53. Nxg6 Bxg6 54. a4 Kf4 55. a5 Ke4 56. Kc3 Kd5 57. Kb4 Kc6 58. Ka3 Kb5 59. Kb3 Kxa5 60. Ka3 Bf7 61. Kb2 Kb4 62. Kb1 Ka3 63. Ka1 a5 64. Kb1 Kb3 65. Ka1 Kc3 66. Kb1 Bg6+ 67. Ka1 Kc2 68. Ka2 Kc1 69. Ka1 Bc2 70. Ka2 a4 71. Ka1 Kd2 72. Kb2 Kd3 73. Ka2 Bb3+ 1/2-1/2